| 000 | 00922nas a2200301 4500 | ||
|---|---|---|---|
| 001 | BR0100560 | ||
| 003 | BR-BrBNA | ||
| 005 | 20231205102042.0 | ||
| 007 | ta | ||
| 008 | 230509b bl.|||p| |||| 00| 00por d | ||
| 040 |
_aBR-BrBNA _bpor _cBiblioteca Nacional de Agricultura |
||
| 041 | _a(Pt) | ||
| 072 | _aP32 | ||
| 100 | 1 | _aNunes, W.A.G.A. | |
| 100 | 1 | _aSchaefer, C.E.R. | |
| 100 | 1 | _aKer, J.C. | |
| 100 | 1 | _aFernandes Filho, E.I. | |
| 245 | 1 | _aCaracterizacao micropedologica de alguns solos da Zona da Mata Mineira | |
| 650 | _aPodzolico Vermelho Escuro | ||
| 650 | _aPodzolico Vermelho Amarelo | ||
| 650 | _aLatossolo | ||
| 650 | _aLatossolo Roxo | ||
| 650 | _aGenese do Solo | ||
| 650 | _aMinas Gerais | ||
| 773 | 0 |
_tRevista Brasileira de Ciencia do Solo (Brazil) _xISSN 0100-0683 _g(Jan-Mar 2000), v. 24(1) p. 103-115 _wBR0100560 |
|
| 909 |
_a202311 _bLúcia _c55 _dLúcia Elande |
||
| 942 |
_2AGRIS _n0 _cANA |
||
| 999 |
_c165473 _d165473 |
||